First-time gardener : (Record no. 1864)
[ view plain ]
| 000 -LEADER | |
|---|---|
| fixed length control field | 02200cam a22004937i 4500 |
| 001 - CONTROL NUMBER | |
| control field | data |
| 005 - DATE AND TIME OF LATEST TRANSACTION | |
| control field | 20260322212122.0 |
| 008 - FIXED-LENGTH DATA ELEMENTS--GENERAL INFORMATION | |
| fixed length control field | data |
| 035 ## - SYSTEM CONTROL NUMBER | |
| System control number | 23177513 |
| 010 ## - LIBRARY OF CONGRESS CONTROL NUMBER | |
| LC control number | 2023289548 |
| 015 ## - NATIONAL BIBLIOGRAPHY NUMBER | |
| National bibliography number | GBC240436 |
| Source | bnb |
| 016 7# - NATIONAL BIBLIOGRAPHIC AGENCY CONTROL NUMBER | |
| Record control number | 020510689 |
| Source | Uk |
| 020 ## - INTERNATIONAL STANDARD BOOK NUMBER | |
| International Standard Book Number | 9781914239595 |
| Qualifying information | (hardcover) |
| 020 ## - INTERNATIONAL STANDARD BOOK NUMBER | |
| International Standard Book Number | 1914239598 |
| Qualifying information | (hardcover) |
| 020 ## - INTERNATIONAL STANDARD BOOK NUMBER | |
| Canceled/invalid ISBN | 9781914239861 (ePub ebook) |
| 035 ## - SYSTEM CONTROL NUMBER | |
| System control number | (OCoLC)1275356603 |
| 040 ## - CATALOGING SOURCE | |
| Original cataloging agency | YDX |
| Language of cataloging | eng |
| Description conventions | rda |
| Transcribing agency | YDX |
| Modifying agency | DLC |
| -- | UKMGB |
| -- | OCLCO |
| -- | OCLCF |
| -- | SDG |
| -- | SFR |
| -- | IMD |
| -- | NZAUC |
| -- | OI6 |
| -- | DLC |
| 042 ## - AUTHENTICATION CODE | |
| Authentication code | lccopycat |
| 050 00 - LIBRARY OF CONGRESS CALL NUMBER | |
| Classification number | SB453 |
| Item number | .T595 2022 |
| 082 04 - DEWEY DECIMAL CLASSIFICATION NUMBER | |
| Classification number | 635 |
| Edition information | 23/eng/20220613 |
| 100 1# - MAIN ENTRY--PERSONAL NAME | |
| Personal name | Tophill, Frances, |
| Relator term | author. |
| 245 10 - TITLE STATEMENT | |
| Title | First-time gardener : |
| Remainder of title | how to plan, plant & enjoy your garden / |
| Statement of responsibility, etc. | Frances Tophill ; photography by Clare Winfield. |
| 246 30 - VARYING FORM OF TITLE | |
| Title proper/short title | 1st time gardener : |
| Remainder of title | how to plan, plant and enjoy your garden |
| 250 ## - EDITION STATEMENT | |
| Edition statement | [New edition]. |
| 264 #1 - PRODUCTION, PUBLICATION, DISTRIBUTION, MANUFACTURE, AND COPYRIGHT NOTICE | |
| Place of production, publication, distribution, manufacture | London : |
| Name of producer, publisher, distributor, manufacturer | Kyle Books, |
| Date of production, publication, distribution, manufacture, or copyright notice | [2022] |
| 264 #4 - PRODUCTION, PUBLICATION, DISTRIBUTION, MANUFACTURE, AND COPYRIGHT NOTICE | |
| Date of production, publication, distribution, manufacture, or copyright notice | ©2015 |
| 300 ## - PHYSICAL DESCRIPTION | |
| Extent | 208 pages : |
| Other physical details | chiefly color illustrations ; |
| Dimensions | 25 cm |
| 336 ## - CONTENT TYPE | |
| Content type term | text |
| Content type code | txt |
| Source | rdacontent |
| 336 ## - CONTENT TYPE | |
| Content type term | still image |
| Content type code | sti |
| Source | rdacontent |
| 337 ## - MEDIA TYPE | |
| Media type term | unmediated |
| Media type code | n |
| Source | rdamedia |
| 338 ## - CARRIER TYPE | |
| Carrier type term | volume |
| Carrier type code | nc |
| Source | rdacarrier |
| 500 ## - GENERAL NOTE | |
| General note | Includes index. |
| 505 0# - FORMATTED CONTENTS NOTE | |
| Formatted contents note | You & your garden -- Designing your garden -- Hard landscaping -- Planning beds & borders -- Choosing plants -- Fruit, vegetables & herbs -- Planting & maintenance. |
| 520 ## - SUMMARY, ETC. | |
| Summary, etc. | "Although excited by the prospect of moving into their own home for the first time, many people are mystified by the prospect of what to do with their outdoor space. Frances Tophill's fuss-free, practical guide shows you how to create a space outside your own back door that's designed by you, built by you and enjoyed by you."-- |
| Assigning source | Provided by publisher. |
| 650 #0 - SUBJECT ADDED ENTRY--TOPICAL TERM | |
| Topical term or geographic name entry element | Gardening. |
| 650 #6 - SUBJECT ADDED ENTRY--TOPICAL TERM | |
| Topical term or geographic name entry element | Jardinage. |
| 650 #7 - SUBJECT ADDED ENTRY--TOPICAL TERM | |
| Topical term or geographic name entry element | gardening. |
| Source of heading or term | aat |
| 650 #7 - SUBJECT ADDED ENTRY--TOPICAL TERM | |
| Topical term or geographic name entry element | Gardening. |
| Source of heading or term | fast |
| Authority record control number or standard number | (OCoLC)fst00937852 |
| 700 1# - ADDED ENTRY--PERSONAL NAME | |
| Personal name | Winfield, Clare, |
| Relator term | photographer. |
| 776 08 - ADDITIONAL PHYSICAL FORM ENTRY | |
| Relationship information | ebook version : |
| International Standard Book Number | 9781914239861 |
| 906 ## - LOCAL DATA ELEMENT F, LDF (RLIN) | |
| a | 7 |
| b | cbc |
| c | copycat |
| d | 2 |
| e | ncip |
| f | 20 |
| g | y-gencatlg |
| 925 0# - | |
| -- | acquire |
| -- | 1 shelf copy |
| -- | policy default |
| Withdrawn status | Lost status | Damaged status | Not for loan | Home library | Current library | Shelving location | Date acquired | Total checkouts | Full call number | Barcode | Date last seen | Price effective from | Koha item type |
|---|---|---|---|---|---|---|---|---|---|---|---|---|---|
| Centerville | Centerville | General stacks | 22/03/2026 | 635 | LOC-CPL-00032 | 22/03/2026 | 22/03/2026 | Books |